Implementing the results of the second Strategic Highway Research Program : (Record no. 528341)

000 -LEADER
fixed length control field 01415cam a2200301 a 4500
001 - CONTROL NUMBER
control field 15584796
003 - CONTROL NUMBER IDENTIFIER
control field NUST
005 - DATE AND TIME OF LATEST TRANSACTION
control field 20190906073159.0
008 - FIXED-LENGTH DATA ELEMENTS--GENERAL INFORMATION
fixed length control field 090113s2009 dcu f000 0 eng
010 ## - LIBRARY OF CONGRESS CONTROL NUMBER
LC control number 2009000522
038 ## - RECORD CONTENT LICENSOR
Staff Name MSOHAIL
040 ## - CATALOGING SOURCE
Original cataloging agency DLC
Transcribing agency DLC
043 ## - GEOGRAPHIC AREA CODE
Geographic area code n-us---
050 00 - LIBRARY OF CONGRESS CALL NUMBER
Classification number HE5614.2
Item number .N28 2009
082 00 - DEWEY DECIMAL CLASSIFICATION NUMBER
Classification number 388.1220973
Edition number 22
Author Mark TRB
110 2# - MAIN ENTRY--CORPORATE NAME
Corporate name or jurisdiction name as entry element National Research Council (U.S.).
Subordinate unit Transportation Research Board.
-- Committee for the Strategic Highway Research Program 2: Implementation.
9 (RLIN) 20086
245 10 - TITLE STATEMENT
Title Implementing the results of the second Strategic Highway Research Program :
Remainder of title saving lives, reducing congestion, improving quality of life /
Statement of responsibility, etc. Committee for the Strategic Highway Research Program 2: Implementation, Transportation Research Board of the National Academies.
260 ## - PUBLICATION, DISTRIBUTION, ETC.
Place of publication, distribution, etc. Washington, D.C. :
Name of publisher, distributor, etc. Transportation Research Board,
Date of publication, distribution, etc. 2009.
300 ## - PHYSICAL DESCRIPTION
Extent xiii, 169 p. ;
Dimensions 23 cm.
490 0# - SERIES STATEMENT
Series statement Special report ;
Volume/sequential designation 296
610 20 - SUBJECT ADDED ENTRY--CORPORATE NAME
Corporate name or jurisdiction name as entry element Strategic Highway Research Program (U.S.)
9 (RLIN) 20087
650 #0 - SUBJECT ADDED ENTRY--TOPICAL TERM
Topical term or geographic name entry element Traffic safety
Geographic subdivision United States.
9 (RLIN) 20010
650 #0 - SUBJECT ADDED ENTRY--TOPICAL TERM
Topical term or geographic name entry element Highway research
Geographic subdivision United States.
9 (RLIN) 20088
650 #0 - SUBJECT ADDED ENTRY--TOPICAL TERM
Topical term or geographic name entry element Traffic congestion
Geographic subdivision United States.
9 (RLIN) 20089
906 ## - LOCAL DATA ELEMENT F, LDF (RLIN)
a 7
b cbc
c orignew
d 1
e ecip
f 20
g y-gencatlg
942 ## - ADDED ENTRY ELEMENTS (KOHA)
Source of classification or shelving scheme
Koha item type Book
Holdings
Withdrawn status Lost status Source of classification or shelving scheme Damaged status Not for loan Permanent Location Current Location Date acquired Total Checkouts Full call number Barcode Date last seen Price effective from Koha item type
          School of Civil and Environmental Engineering (SCEE) School of Civil and Environmental Engineering (SCEE) 09/06/2019   388.1220973 TRB NIT10387 09/06/2019 09/06/2019 Book
© 2023 Central Library, National University of Sciences and Technology. All Rights Reserved.